| 000 | 00408nam a2200169Ia 4500 | ||
|---|---|---|---|
| 005 | 20250423101443.0 | ||
| 008 | 250422s9999 xx 000 0 und d | ||
| 020 | _a9780307336019 | ||
| 050 | _aHG 179 .O63/ | ||
| 100 | _aOpdyke, Jeff D. | ||
| 245 | 4 | _aThe street journal : personal finance workbook | |
| 260 | _aNew | ||
| 260 | _bThree Rivers Press | ||
| 260 | _c2006 | ||
| 300 | _a178 p | ||
| 942 | _cBK | ||
| 999 |
_c36342 _d36342 |
||